Co to za Piłkarz? - Statystyki

Ogólne statystyki
  • Ten quiz został rozwiązany 3 130 razy
    3 117 od ostatniego zresetowania
  • Średni wynik to 7 z 10
Statystyki odpowiedzi
Hint Odpowiedź % Poprawnych
Polski napastnik grający w klubie Bayern Monachium. Robert Lewandowski
98%
Napastnik w PSG. W 2018 Zdobył złoty medal Mistrzostw Świata. Wiek - 21 lat. Kylian Mbappe
94%
Jest kapitanem w swoim klubie jak i w reprezentacji. Ma 169 cm wzrostu. Lionel Messi
84%
Piłkarz Liverpoolu pochodzący z Egiptu. Mohamed Salah
82%
Bramkarz Manchesteru United. Gracz pochodzenia Hiszpańskiego. David De Gea
81%
Piłkarz Juventusu. W 2016 zdobył mistrzostwo Europy. Z numerem 7. Cristiano Ronaldo
74%
Zaczynał w Rozwoju Katowice a, od 2016 napastnik Napoli. Arkadiusz Milik
65%
Portugalski piłkarz grający na pozycji napastnika w Atlético Madryt. Joao Felix
56%
Prawy obrońca Manchesteru City. Wychowanek Sheffield United. Kyle Walker
49%
Obrońca Legii Warszawa z numerem 5. Wychowanek Hatemanu Białystok. Igor Lewczuk
5%
Nie znaleziono quizów pasujących do podanych kryteriów
Rozkład punktacji
Procent ludzi z każdym wynikiem
Percentyl według liczby udzielonych odpowiedzi
Twoja historia wyników
Nie rozwiązałeś tego quizu od ostatniego zresetowania